Vista normal Vista MARC
  • Sibaja, Alberto

Entrada Personal Name

Número de registros utilizados en: 1

001 - CONTROL NUMBER

  • control field: 14900

003 - CONTROL NUMBER IDENTIFIER

  • control field: OSt

005 - DATE AND TIME OF LATEST TRANSACTION

  • control field: 20160822123828.0

008 - FIXED-LENGTH DATA ELEMENTS

  • fixed length control field: 160822|| aca||aabn | a|a d

040 ## - CATALOGING SOURCE

  • Original cataloging agency: OSt
  • Transcribing agency: OSt

100 ## - HEADING--PERSONAL NAME

  • Personal name: Sibaja, Alberto

670 ## - SOURCE DATA FOUND

  • Source citation: Work cat.: (OSt)1870: Sibaja, Alberto, Esferas de piedra en Costa Rica: enigma en el Delta del Diquis , 2004